| 000 | 01501nam a22002651i 4500 | ||
|---|---|---|---|
| 001 | 1963 | ||
| 003 | Uk | ||
| 005 | 20250722095129.0 | ||
| 020 |
_a9781407139579 (pbk.) : _c£4.99 |
||
| 040 |
_aStDuBDS _beng _cStDuBDS _dUk _erda |
||
| 082 | 0 | 4 |
_a823.92 _223 |
| 100 | 1 |
_aCollins, Poppy, _eauthor. |
|
| 245 | 1 | 0 |
_aFern in Star Valley / _cPoppy Collins. |
| 260 |
_aLondon : _bScholastic, _c2014 |
||
| 300 |
_a85 pages : _billustrations ; _c20 cm |
||
| 490 | 0 | _aFashion fairy princess | |
| 500 |
_aFormerly CIP. _5Uk |
||
| 505 | _aM | ||
| 520 | _aThe fashion fairy princesses have been invited to their friend Fern's birthday sleepover! Princess Fern lives in the neighbouring Star Valley so, after sourcing the perfect birthday present in Sparkle City, the fairy princesses set off in suitably fashionable country gear. They arrive at Star Valley to find that Fern has created a magical campsite, complete with flower tepees, an enchanted bonfire and a delicious picnic. But after a dreamy ride on the valley's magical unicorns, they come back to find everything in disarray! Fern's little sisters, Willow and River, were so desperate to join the festivities, that they ruined the party without thinking. Luckily a bit of fairy magic and teamwork saves the sleepover, and the fairy princesses drift off to sleep under a canopy of shooting stars. | ||
| 521 |
_a790
_bLexile |
||
| 521 |
_aM
_bRaz-Plus |
||
| 655 | 0 | _aChildren's stories. | |
| 700 | 1 |
_aPotts, Pixie, _eillustrator. |
|
| 942 |
_2ddc _cBK _n0 |
||
| 999 |
_c1963 _d1963 |
||